LEADER 00846nam0-22003011i-450- 001 990001068020403321 035 $a000106802 035 $aFED01000106802 035 $a(Aleph)000106802FED01 035 $a000106802 100 $a20000920d1971----km-y0itay50------ba 101 0 $afra 200 1 $aThéorie des Treillis$fG. Szàsz$gTraduit de l'Anglais par L. Chambadal 210 $aParis$cDunod$d1971 225 1 $aMonographie Universitaires de Mathématiques$v36 610 0 $aAnalisi funzionale 610 0 $aAlgebre astratte 676 $a517.00//517.36 700 1$aSzasz,$bGabor$050848 702 1$aChambadal,$bL. 801 0$aIT$bUNINA$gRICA$2UNIMARC 901 $aBK 912 $a990001068020403321 952 $a14A-131$b9089$fFI1 959 $aFI1 996 $aThéorie des Treillis$9340143 997 $aUNINA DB $aING01 LEADER 01292nam a2200313 i 4500 001 991000938169707536 005 20020507104120.0 008 951206s1974 us ||| | eng 020 $c86000 035 $ab10150808-39ule_inst 035 $aLE00639433$9ExL 040 $aDip.to Fisica$bita 084 $a53.5.44 084 $aQD601 100 1 $aLim, Edward C.$0461970 245 10$aExcited states /$cedited by Edward C. Lim 260 $aNew York :$bAcademic Press,$c1974- 300 $av. :$bill. ;$c24 cm. 650 4$aMolecular spectra 650 4$aPhotochemistry 907 $a.b10150808$b21-09-06$c27-06-02 912 $a991000938169707536 945 $aLE006 53.5.42+53.5.44 LIM$cV. 1$g1$i2006000062619$lle006$o-$pE0.00$q-$rl$s- $t0$u0$v0$w0$x0$y.i10180680$z27-06-02 945 $aLE006 53.5.42+53.5.44 LIM$cV. 2$g1$i2006000062664$lle006$o-$pE0.00$q-$rl$s- $t0$u0$v0$w0$x0$y.i10180692$z27-06-02 945 $aLE006 53.5.42+53.5.44 LIM$cV. 3$g1$i2006000062671$lle006$o-$pE0.00$q-$rl$s- $t0$u0$v0$w0$x0$y.i10180709$z27-06-02 945 $aLE006 53.5.42+53.5.44 LIM$cV. 4$g1$i2006000062688$lle006$o-$pE0.00$q-$rl$s- $t0$u0$v0$w0$x0$y.i10180710$z27-06-02 996 $aExcited states$9187784 997 $aUNISALENTO 998 $ale006$b01-01-95$cm$da $e-$feng$gus $h0$i4